| 000 | 00000cas 2200000zi 4500 |
| 001 | 9.917431 |
| 003 | CaOODSP |
| 005 | 20251205083245 |
| 006 | m o d f |
| 007 | cr ||||||||||| |
| 008 | 221117c20169999onctr p o f0###a0eng|d |
| 040 | |aCaOODSP|beng|erda|cCaOODSP |
| 043 | |an-cn--- |
| 086 | 1 |aF71-14E-PDF |
| 110 | 2 |aRoyal Canadian Mint.|eauthor, |eissuing body. |
| 245 | 10|a... financial report, fiscal ... |
| 264 | 1|a[Ottawa] : |bRoyal Canadian Mint = Monnaie royale canadienne, |c2016- |
| 310 | |aThree times a year |
| 336 | |atext|btxt|2rdacontent |
| 337 | |acomputer|bc|2rdamedia |
| 338 | |aonline resource|bcr|2rdacarrier |
| 362 | 1 |aBegan with: Second quarter 2016. |
| 500 | |aIssued also in French under title: Rapport financier du ..., exercice ... |
| 588 | |aDescription based on: Second quarter 2016. |
| 588 | |aLatest issue consulted: Second quarter 2022. |
| 610 | 20|aRoyal Canadian Mint|xPeriodicals. |
| 650 | 0|aFinance, Public|zCanada|vPeriodicals. |
| 655 | 7|aPeriodicals|2lcgft |
| 775 | 08|tRapport financier du ..., exercice ...|w(CaOODSP)9.917430 |
| 780 | 00|t... report, fiscal ...|w(CaOODSP)9.917421 |